Statystyki dla 15 najbardziej dotkniętych krajów Covid-19 - 15 czerwca

Kliknij tutaj aby rozwiązać quiz!

Ogólne statystyki

  • Ten quiz został rozwiązany 36 razy
  • Średni wynik to 13 z 27

Statystyki odpowiedzi

kraj% Poprawnych
Stany Zjednoczone
97%
Niemcy
94%
Włochy
94%
Hiszpania
91%
Rosja
91%
Wielka Brytania
88%
Brazylia
85%
Francja
85%
Meksyk
73%
Indie
64%
Szwecja
52%
Chile
48%
Chile
48%
Peru
48%
Iran
45%
Belgia
42%
Irlandia
39%
Turcja
36%
Pakistan
30%
Białoruś
18%
Singapur
12%
Katar
9%
Kuwejt
6%
Oman
6%
Panama
6%
Armenia
3%
Bahrajn
3%

Rozkład punktacji

Percentyl według liczby udzielonych odpowiedzi

Procent ludzi z każdym wynikiem

Twoja historia wyników

Nie rozwiązałeś tego quizu